[Event "CRO-chT4 Center-A"]
[Site "Zagreb"]
[Date "2011.03.20"]
[Round "2.54"]
[White "Dezelic, Goran"]
[Black "Viljanac, Ranko"]
[Result "1/2-1/2"]
[WhiteElo "1941"]
[BlackElo "2024"]
[PlyCount "101"]
[EventDate "2011.03.13"]
[EventType "team-tourn"]
[EventRounds "7"]
[EventCountry "CRO"]
[SourceTitle "EXT 2014"]
[Source "ChessBase"]
[SourceDate "2013.11.20"]
[SourceVersion "1"]
[SourceVersionDate "2013.11.20"]
[SourceQuality "1"]

1. Nf3 d5 2. c4 e6 3. d4 Nf6 4. Nc3 c6 5. Bg5 Be7 6. e3 Nbd7 7. Bd3 dxc4 8. Bxc4 b5 9. Bd3 Bb7 10. 0-0 a6 11. Qe2 Nd5 12. Ne4 N7f6 13. Nc5 Bxc5 14. dxc5 h6 15. Bh4 Qe7 16. Rac1 0-0 17. Bb1 e5 18. Bg3 Nd7 19. Rfd1 Rfe8 20. e4 N5f6 21. Nh4 g6 22. Qc2 Rad8 23. Nf3 Nh5 24. Rxd7 Rxd7 25. Bxe5 Qe6 26. b4 Red8 27. h3 Nf6 28. Bd6 Re8 29. e5 Nd5 30. Qd2 Kg7 31. Nd4 Rxd6 32. Nxe6+ Rdxe6 33. f4 f5 34. exf6+ Rxf6 35. Rf1 Re7 36. Qd4 Bc8 37. g4 Kh7 38. Be4 Rf8 39. Bxd5 Rd7 40. Qe5 Rxd5 41. Qc7+ Bd7 42. f5 gxf5 43. Rxf5 Rfxf5 44. gxf5 Kg7 45. Qg3+ Kf8 46. Qg6 Rxf5 47. Qxh6+ Ke7 48. Qe3+ Kf7 49. h4 Be6 50. Qe4 Bd7 51. Kg2 1/2-1/2

[Event "CRO-chT4A Center"]
[Site "Zagreb"]
[Date "2010.11.07"]
[Round "10.16"]
[White "Nesek, Zdenko"]
[Black "Viljanac, Ranko"]
[Result "1-0"]
[WhiteElo "1968"]
[BlackElo "2043"]
[PlyCount "81"]
[EventDate "2010.03.21"]
[EventType "team-tourn"]
[EventRounds "11"]
[EventCountry "CRO"]
[SourceTitle "EXT 2012"]
[Source "ChessBase"]
[SourceDate "2011.11.24"]
[SourceVersion "1"]
[SourceVersionDate "2011.11.24"]
[SourceQuality "1"]

1. e4 d6 2. d4 Nf6 3. Bd3 g6 4. Bg5 Bg7 5. Qd2 h6 6. Bh4 Nc6 7. Ne2 b6 8. f3 a5 9. Bb5 Bd7 10. c4 Na7 11. a4 c6 12. Ba6 Qc7 13. d5 c5 14. Nbc3 Bc8 15. Bb5+ Nxb5 16. Nxb5 Qb8 17. 0-0-0 Bd7 18. Nec3 Bxb5 19. Nxb5 Nd7 20. f4 f6 21. Qe2 Nf8 22. Rde1 Qc8 23. e5 dxe5 24. fxe5 fxe5 25. d6 Ne6 26. Bxe7 Kf7 27. Rhf1+ Kg8 28. Qe4 Kh7 29. Rf7 Qd7 30. Qxe5 Kg8 31. Qxe6 Qxe6 32. Rxe6 Kxf7 33. Re3 g5 34. h4 Kg6 35. Nc7 Ra7 36. g4 gxh4 37. Bxh4 Rf8 38. Re6+ Kh7 39. Re7 Kg8 40. Nd5 Rxe7 41. Bxe7 1-0

[Event "CRO-chT4A Center"]
[Site "Zagreb"]
[Date "2010.04.25"]
[Round "5.16"]
[White "Viljanac, Ranko"]
[Black "Golub, Vladimir"]
[Result "0-1"]
[WhiteElo "2043"]
[BlackElo "2047"]
[PlyCount "108"]
[EventDate "2010.03.21"]
[EventType "team-tourn"]
[EventRounds "11"]
[EventCountry "CRO"]
[SourceTitle "EXT 2012"]
[Source "ChessBase"]
[SourceDate "2011.11.24"]
[SourceVersion "1"]
[SourceVersionDate "2011.11.24"]
[SourceQuality "1"]

1. d4 Nf6 2. Nf3 e6 3. g3 d5 4. Bg2 Nbd7 5. Nbd2 c6 6. b3 b6 7. Bb2 Bd6 8. c4 Bb7 9. Rc1 Qe7 10. Qc2 0-0 11. 0-0 Rac8 12. h3 c5 13. e3 Ba6 14. Rfe1 cxd4 15. exd4 dxc4 16. bxc4 Ba3 17. Qb3 Bxb2 18. Qxb2 Qd6 19. Re3 Bb7 20. Ra3 Ra8 21. Rb3 Bc6 22. Re3 Rfd8 23. Nb3 Rac8 24. Nh4 Bxg2 25. Nxg2 Qb4 26. a3 Qa4 27. Nd2 Nb8 28. Nf4 Nc6 29. Ne2 h6 30. Rb3 Rd7 31. Nf3 Rdc7 32. Nc3 Qa5 33. d5 Nd8 34. Ne5 exd5 35. cxd5 Nxd5 36. Rb5 Rxc3 37. Rxa5 Rxc1+ 38. Kg2 bxa5 39. Qd4 Nb6 40. Ng4 Ne6 41. Qe5 a4 42. Ne3 Nc4 43. Qe4 Nxe3+ 44. Qxe3 R1c3 45. Qxa7 Rxa3 46. Qb7 Rac3 47. Qa6 a3 48. h4 Rd8 49. Qa5 Rdd3 50. Qa8+ Nf8 51. g4 Rc2 52. g5 h5 53. g6 fxg6 54. Qa4 Rdc3 0-1